Welcome to CU Library Online Public Access Catalogue (OPAC)

Essentials of negotiation / (Record no. 4064)

MARC details
000 -LEADER
fixed length control field 01064cam a2200277 a 4500
001 - CONTROL NUMBER
control field 14307233
005 - DATE AND TIME OF LATEST TRANSACTION
control field 20250221192459.0
008 - FIXED-LENGTH DATA ELEMENTS--GENERAL INFORMATION
fixed length control field 060320s2007 maua b 001 0 eng
020 ## - INTERNATIONAL STANDARD BOOK NUMBER
International Standard Book Number 9780073102764 (alk. paper)
020 ## - INTERNATIONAL STANDARD BOOK NUMBER
International Standard Book Number 0073102768 (alk. paper)
050 00 - LIBRARY OF CONGRESS CALL NUMBER
Classification number HD58.6
Item number .L487 2007
082 00 - DEWEY DECIMAL CLASSIFICATION NUMBER
Classification number 658.4/052
Edition information 22
100 1# - MAIN ENTRY--PERSONAL NAME
Personal name Lewicki, Roy J.
245 10 - TITLE STATEMENT
Title Essentials of negotiation /
Statement of responsibility, etc. Roy J. Lewicki, Bruce Barry, David M. Saunders.
250 ## - EDITION STATEMENT
Edition statement 4th ed.
260 ## - PUBLICATION, DISTRIBUTION, ETC.
Place of publication, distribution, etc. Boston, Mass. :
Name of publisher, distributor, etc. McGraw-Hill/Irwin,
Date of publication, distribution, etc. 2007.
300 ## - PHYSICAL DESCRIPTION
Extent xiii, 294 p. :
Other physical details ill. ;
Dimensions 23 cm.
650 #0 - SUBJECT ADDED ENTRY--TOPICAL TERM
Topical term or geographic name entry element Negotiation in business.
650 #0 - SUBJECT ADDED ENTRY--TOPICAL TERM
Topical term or geographic name entry element Negotiation.
700 1# - ADDED ENTRY--PERSONAL NAME
Personal name Barry, Bruce,
Dates associated with a name 1958-
700 1# - ADDED ENTRY--PERSONAL NAME
Personal name Saunders, David M.
856 42 - ELECTRONIC LOCATION AND ACCESS
Materials specified Publisher description
Uniform Resource Identifier <a href="http://www.loc.gov/catdir/enhancements/fy0634/2006044887-d.html">http://www.loc.gov/catdir/enhancements/fy0634/2006044887-d.html</a>
856 41 - ELECTRONIC LOCATION AND ACCESS
Materials specified Table of contents only
Uniform Resource Identifier <a href="http://www.loc.gov/catdir/enhancements/fy0661/2006044887-t.html">http://www.loc.gov/catdir/enhancements/fy0661/2006044887-t.html</a>
856 42 - ELECTRONIC LOCATION AND ACCESS
Materials specified Contributor biographical information
Uniform Resource Identifier <a href="http://www.loc.gov/catdir/enhancements/fy0737/2006044887-b.html">http://www.loc.gov/catdir/enhancements/fy0737/2006044887-b.html</a>
942 ## - ADDED ENTRY ELEMENTS (KOHA)
Source of classification or shelving scheme Library of Congress Classification
Koha item type Books
Edition 4th Ed.
Suppress in OPAC No
999 ## -
-- 4064
-- 4064
Holdings
Withdrawn status Lost status Source of classification or shelving scheme Damaged status Not for loan Collection Home library Current library Shelving location Date acquired Total checkouts Full call number Barcode Date last seen Copy number Price effective from Koha item type
    Library of Congress Classification     Non-fiction Business Library (Miotso) Business Library (Miotso) General stacks 02/21/2025   HD58.6 .L487 2007 BSSM00000900 02/21/2025 1 02/21/2025 Books
    Library of Congress Classification     Non-fiction Business Library (Miotso) Business Library (Miotso) General stacks 02/21/2025   HD58.6 .L487 2007 BSSM00000901 02/21/2025 2 02/21/2025 Books
    Library of Congress Classification     Non-fiction Business Library (Miotso) Business Library (Miotso) General stacks 02/21/2025   HD58.6 .L487 2007 BSSM00000902 02/21/2025 3 02/21/2025 Books
    Library of Congress Classification     Non-fiction Undergraduate Library (Christ Temple) Undergraduate Library (Christ Temple) General stacks 03/08/2025   HD58.6.L487 LEW ulct00001565 03/08/2025 1 03/08/2025 Books
    Library of Congress Classification     Non-fiction Undergraduate Library (Christ Temple) Undergraduate Library (Christ Temple) General stacks 03/08/2025   HD58.6.L487 LEW ulct00001566 03/08/2025 2 03/08/2025 Books
    Library of Congress Classification     Non-fiction Undergraduate Library (Christ Temple) Undergraduate Library (Christ Temple) General stacks 03/08/2025   HD58.6.L487 LEW ulct00001567 03/08/2025 3 03/08/2025 Books
    Library of Congress Classification     Non-fiction Undergraduate Library (Christ Temple) Undergraduate Library (Christ Temple) General stacks 03/08/2025   HD58.6.L487 LEW ulct00001568 03/08/2025 4 03/08/2025 Books
© 2023-2024 Copyright: Central University Libraries. All Rights Reserved | Created by: Mahone Tech Office